| 000 | 01401cam a22003615a 4500 | ||
|---|---|---|---|
| 999 |
_c26487 _d26459 |
||
| 001 | 13226112 | ||
| 003 | EG-ScBUE | ||
| 005 | 20201019143545.0 | ||
| 008 | 030605t2004 flua f bf 001 0 eng d | ||
| 020 | _a0849313481 | ||
| 020 | _a9780849313486 | ||
| 040 |
_aDLC _beng _erda _cDLC _dDLC _dEG-ScBUE |
||
| 082 | 0 | 4 |
_a547.135 _bCRC _222 |
| 245 | 0 | 0 |
_aCRC handbook of organic photochemistry and photobiology. _nvolume 1 / _cedited by William M. Horspool, Francesco Lenci. |
| 246 | 3 | 0 | _aOrganic photochemistry and photobiology |
| 250 | _aSecond edition. | ||
| 264 | 1 |
_aBoca Raton, Florida : _bCRC Press Taylor & Francis Group, _c[2004] |
|
| 264 | 4 | _cc2004 | |
| 300 |
_a1 volume (various pagings) : _billustrations ; _c26 cm |
||
| 336 |
_2rdacontent _atext _btxt |
||
| 337 |
_2rdamedia _aunmediated _bn |
||
| 338 |
_2rdacarrier _avolume _bnc |
||
| 504 | _aIncludes bibliographical references and index. | ||
| 650 | 7 |
_aPhotochemistry _vHandbooks, manuals, etc. _2BUEsh |
|
| 650 | 7 |
_aPhotobiology _vHandbooks, manuals, etc. _2BUEsh |
|
| 653 |
_bGGEN _cApril2018 |
||
| 655 |
_vReading book _934232 |
||
| 700 | 1 |
_aHorspool, William M., _eeditor. |
|
| 700 | 1 |
_aLenci, Francesco, _eeditor. |
|
| 856 | 4 | 2 |
_3Book review (E-STREAMS) _uhttp://www.e-streams.com/es0709/es0709_3513.html |
| 856 | 4 | 2 |
_3Publisher description _uhttp://www.loc.gov/catdir/enhancements/fy0646/2003055212-d.html |
| 942 |
_2ddc _cREFERENCE |
||